Giáo trình quản trị sản xuất

Giáo trình gồm 10 chương, nội dung giới thiệu tổng quát về quản trị sản xuất; các dự báo nhu cầu sản phẩm; các hoạch định chiến lược sản xuất

Spremljeno u:
Bibliografski detalji
Glavni autor: Ngô, Mỹ Trân
Format: Knjiga
Jezik:Undetermined
Izdano: Cần Thơ Nxb. Đại học Cần Thơ 2016
Teme:
Oznake: Dodaj oznaku
Bez oznaka, Budi prvi tko označuje ovaj zapis!
Thư viện lưu trữ: Trung tâm Học liệu Trường Đại học Cần Thơ
LEADER 00963nam a2200253Ia 4500
001 CTU_217314
008 210402s9999 xx 000 0 und d
020 |b 28200 
020 |c 50000 
082 |a 658.5 
082 |b Tr121 
100 |a Ngô, Mỹ Trân 
245 0 |a Giáo trình quản trị sản xuất 
245 0 |c Ngô Mỹ Trân (Chủ biên) 
260 |a Cần Thơ 
260 |b Nxb. Đại học Cần Thơ 
260 |c 2016 
520 |a Giáo trình gồm 10 chương, nội dung giới thiệu tổng quát về quản trị sản xuất; các dự báo nhu cầu sản phẩm; các hoạch định chiến lược sản xuất 
526 |a Quản trị sản xuất và tác nghiệp 
526 |b KT657 
650 |a Production management,Quản trị sản xuất 
904 |i Tuyến 
910 |a Nguyên 
980 |a Trung tâm Học liệu Trường Đại học Cần Thơ